Η οδύσσεια των ημερολογίων

Αποθηκεύτηκε σε:
Λεπτομέρειες βιβλιογραφικής εγγραφής
Κύριος συγγραφέας: Θεοδοσίου, Στράτος, 1949-
Άλλοι συγγραφείς: Δανέζης, Μάνος, 1949-
Μορφή: Βιβλίο
Γλώσσα:English
Δημοσίευση: Αθήνα : Δίαυλος, 1995.
Θέματα:
Ετικέτες: Προσθήκη ετικέτας
Δεν υπάρχουν, Καταχωρήστε ετικέτα πρώτοι!

MARC

LEADER 00000cam a2200000 i 4500
001 1/99490
008 000127s1995 gr | ||| |||| ||eng||
020 |a 960714080X ((τ.1)) 
020 |a 9607140796 ((set)) 
035 |l 10056903 
040 |a GR-MyUA  |b gre  |e AACR2 
041 0 |a eng 
082 0 |a 529.3 
100 1 |a Θεοδοσίου, Στράτος,   |d 1949- 
245 1 2 |a Η οδύσσεια των ημερολογίων /   |c Στράτος Θεοδοσίου, Μάνος Δανέζης.  
260 |a Αθήνα :   |b Δίαυλος,   |c 1995.  
300 |a 40 σ. :   |b εικ. ;   |c 24 εκ.  
500 |a Υπό την αιγίδα του Πανεπιστημίου Αθηνών.  
504 |a Περιέχει βιβλιογραφικές αναφορές και ευρετήριο.  
505 0 |a Τ. 1. Αναζητώντας τις ρίζες της γνώσης.  
650 0 0 |a Calendars. 
700 1 |a Δανέζης, Μάνος,   |d 1949- 
740 0 2 |a Αναζητώντας τις ρίζες της γνώσης 
852 |a INST  |b SAMOS  |e 20000127  |h 592.3 ΘΕΟ  |p 005300015891  |q 005300015891  |t BK  |y 0  |z τ.1 
852 |a INST  |b SAMOS  |e 20000127  |h 592.3 ΘΕΟ  |p 005300015891  |q 005300015891  |t BK  |v τ.1:  |y 0  |z τ.1 
853 |a INST  |b SAMOS  |h 592.3 ΘΕΟ 
901 |a BIBL3-2000-2 
909 |a Σ  |b 071823 
922 |a 3ΕΛΗ  |b 199912  |c ΒΙΒΛΙΟΘΗΚΗ  |d ΠΑΠΑΣΩΤΗΡΙΟΥ 
950 |a 127-1999-11-23 
970 |z 2000/05/ΜΠΡΑΤΤΗΣ